000
00335 a2200109 4500
001
ART_17833
005
20260410161700.0
008
260409a
245
1
0
_a
Apertura financiera, paridad móvil y tipo de cambio real
100
1
_a
Calvo, Guillermo A.
773
0
_t
Ensayos Económicos
_g
- Nº 16 (dic. 1980)
_w
REV620
999
_c
15136
_d
15136